00655nam a2200229 a 4500001001300000003000900013005001700022008004100039020001000080082001700090100001600107245004800123260003300171300000800204500003500212650001500247700001600262902000800278942000700286952011700293999001500410nice12345678IN_TiNIC20260116012046.0070709s1961 laha grp 000 0 eng  ac10000a297.86bSAD3 aSadruddin,  aCharacteristice Teachings of the Holy Quran aLahore bNo Publisher c1961 a91p aincludes index and biblioraphy aAhmadiyyah1 aSadruddin,  bSRS cBK 001040708StackRoom-aHMIbHMId2007-07-09g100.00l0o297.86 SAD3p06470r2007-07-09v100.00w2007-07-09yBK c5468d5468